| 000 | 01204nam a2200349 i 4500 | ||
|---|---|---|---|
| 001 | 51235 | ||
| 003 | KOSZ 005 | ||
| 005 | 20210531101540.0 | ||
| 008 | 060112s2004 pl a f f |000 0 pol d | ||
| 020 | _a8392003330 | ||
| 040 |
_cKOSZ 005 _aKOSZ 005 _dKOSZ 005/HR |
||
| 046 | _k2004 | ||
| 080 | _a528 | ||
| 080 | _a(075.8) | ||
| 100 | 1 |
_aJagielski, Andrzej _d(1946- ) _eAutor |
|
| 245 | 1 | 0 |
_aPrzewodnik do ćwiczeń z "Geodezji I" / _cAndrzej Jagielski. |
| 260 |
_aKraków : _b"Stabil", _c2004. |
||
| 300 |
_a412 s. : _bil. ; _c23 cm. |
||
| 336 |
_2rdacontent _aTekst _btxt |
||
| 337 |
_2rdamedia _aBez urządzenia pośredniczącego _bn |
||
| 338 |
_2rdacarrier _aWolumin _bnc |
||
| 380 | _aKsiążki | ||
| 380 | _aPublikacje dydaktyczne | ||
| 385 |
_mPoziom nauczania _aTechnikum _aSzkoły wyższe |
||
| 388 | _a2001- | ||
| 521 | _aLektura pomocnicza dla studentów I roku wydziałów geodezyjnych i uczniów kl. I-II technikum geodezyjnego. | ||
| 650 | 4 | _aGeodezja | |
| 655 | _aPodręczniki akademickie | ||
| 658 | _aGeografia i nauki o Ziemi | ||
| 856 |
_uhttp://koha.tu.koszalin.pl/cgi-bin/koha/opac-detail.pl?biblionumber=51235 _yKatalog online BPK |
||
| 942 |
_cKS _2UKD |
||
| 999 |
_c51235 _d51235 |
||